Breath of the Wild Weapons by Attack Power - Statistics

General Stats
  • This quiz has been taken 14 times
  • The average score is 11 of 42
Answer Stats
Attack Answer % Correct
30 Ancient Battle Axe | Ancient Spear | Great Frostblade | Guardian Sword+ | Master Sword | Savage Lynel Spear
78%
2 Boko Spear | Torch | Tree Branch
78%
1 Korok Leaf | Spring-Loaded Hammer
78%
5 Bokoblin Arm | Fire Rod | Ice Rod | Lightning Rod | Rusty Halberd | Traveler's Sword | Wooden Mop
67%
4 Boko Club | Moblin Spear | Soup Ladle
67%
72 Royal Guard's Claymore
56%
3 Traveler's Spear | Woodcutter's Axe
56%
60 Ancient Battle Axe++ | Boulder Breaker
44%
One-Hit Obliterator
44%
24 Dragonbone Boko Club | Flameblade | Flamespear | Lizal Forked Boomerang | Lynel Sword
33%
22 Forest Dweller's Sword | Lightscale Trident | Silver Longsword | Thunderblade | Thunderspear
33%
20 Frostblade | Frostspear | Guardian Spear++ | Guardian Sword | Mighty Lynel Spear | Soldier's Claymore
33%
45 Ancient Battle Axe+ | Dragonbone Moblin Club
22%
40 Ancient Short Sword | Demon Carver | Guardian Sword++ | Windcleaver
22%
10 Blizzard Rod | Feathered Spear | Guardian Spear | Meteor Rod | Thunderstorm Rod | Traveler's Claymore
22%
6 Boko Bat | Rusty Broadsword | Spiked Boko Spear | Throwing Spear
22%
15 Cobble Crusher | Dragonbone Moblin Spear | Eightfold Blade | Feathered Edge | Guardian Spear+ | Moblin Arm | Zora Sword
22%
36 Dragonbone Boko Bat | Lizal Tri-Boomerang | Lynel Crusher | Mighty Lynel Sword | Royal Broadsword
22%
12 Dragonbone Boko Spear | Enhanced Lizal Spear | Iron Sledgehammer | Lizalfos Arm | Rusty Claymore | Serpentine Spear | Silverscale Spear | Spiked Boko Club
22%
50 Edge of Duality
22%
32 Eightfold Longblade | Great Thunderblade | Royal Guard's Spear | Scimitar of the Seven
22%
34 Great Flameblade
22%
52 Royal Claymore
22%
48 Royal Guard's Sword
22%
78 Savage Lynel Crusher
22%
42 Stone Smasher
22%
55 Ancient Bladesaw
11%
14 Boat Oar | Ceremonial Trident | Drillshaft | Lizal Boomerang | Lynel Spear | Soldier's Broadsword
11%
8 Boomerang | Fishing Harpoon
11%
7 Farmer's Pitchfork | Lizal Spear | Soldier's Spear
11%
11 Forest Dweller's Spear
11%
38 Knight's Claymore
11%
58 Savage Lynel Sword
11%
27 Spiked Moblin Club
11%
18 Double Axe | Forked Lizal Spear | Spiked Boko Bat
0%
16 Farming Hoe | Gerudo Scimitar | Gerudo Spear | Vicious Sickle
0%
25 Giant Boomerang | Moonlight Scimitar
0%
28 Golden Claymore
0%
26 Knight's Broadsword | Royal Halberd
0%
13 Knight's Halberd
0%
54 Mighty Lynel Crusher
0%
9 Moblin Club | Spiked Moblin Spear | Zora Spear
0%
No matching quizzes found
Score Distribution
Percent of People with Each Score
Percentile by Number Answered
Your Score History
You have not taken this quiz